000 00426nam a2200169 a 4500
001 4581
003 CO-ViMGA
008 141112s2004 ck r 000 u spa d
040 _aCO-ViMGA
_bspa
_cCO-ViMGA
082 0 4 _a928.4 B318fu
100 1 _aBeauvoir, Simone de
245 1 0 _aLa fuerza de las cosas
260 _aMexico :
_bHermes,
_c1997
300 _a762 p
650 1 4 _aBEAUVOIR, SIMONE DE 1908 - 1986
942 _2ddc
_cBK
999 _c16591
_d16591